000 00288nam a22001097a 4500
999 _c67592
_d67589
082 _a362.880
_bHYD
100 _aHyder, Ghulam
245 _aHonour killing and the status of woman in Pakistan
260 _aPakistan,
_bNational Institute of Pakistan:
_c2007.
300 _a212p.
942 _cBK